Martian Manhunter Quiz - Statistics

General Stats
  • This quiz has been taken 13 times
  • The average score is 5 of 12
Answer Stats
Hint Answer % Correct
Founding Member of this Team Justice League
100%
Real Name J'onn J'onzz
83%
Weakness Fire
75%
Human Alter Ego John Jones
75%
Other Living Martian on Earth Miss Martian
67%
Addicted to this Cookie Chocos
58%
Enemy Race of the Green Martians White Martians
58%
Twin Brother/Nemesis Ma'alefa'ak
8%
First Appearance Detective Comics #225
0%
Police Detective Partner Diane Meade
0%
Human Scientist who Brought him to Earth Dr Erdel
0%
Alien Sidekick Zook
0%
No matching quizzes found
Score Distribution
Percent of People with Each Score
Percentile by Number Answered
Your Score History
You have not taken this quiz